000 00423 a2200109 4500
001 ART_10849
005 20260410161852.0
008 260409a
245 1 0 _aConsideraciones sobre la extensión de responsabilidad por tercerización a partir de los fallos del Máximo Tribunal Nacional
100 1 _aFera, Mario S.
773 0 _tDerecho del trabajo
_gTercerización - Año I, Nº 1 (mayo 2012)
_wREV10447
999 _c25100
_d25100